| 000 | 00512nam a22001937a 4500 | ||
|---|---|---|---|
| 003 | OSt | ||
| 005 | 20151127172920.0 | ||
| 008 | 151127b xxu||||| |||| 00| 0 eng d | ||
| 020 | _a033392124 | ||
| 040 | _cDDC | ||
| 082 | _a371.02 COL 2001. | ||
| 100 |
_aStella,Collrell. _96379 |
||
| 245 | _aTeaching Study Skills and Supporting Learning. | ||
| 260 |
_aNew york. _bPalgrave. |
||
| 300 |
_axvi,355p; _bill; _c25cm |
||
| 504 | _aincludes references and index. | ||
| 650 |
_aTeaching. _9776 |
||
| 942 |
_2ddc _cSLOAN |
||
| 999 |
_c2738 _d2738 |
||